[Event "Heart of Finland Open"]
[Site "Jyvaskyla FIN"]
[Date "2001.07.20"]
[Round "6"]
[White "Nippula,T"]
[Black "Aijala,Jou"]
[Result "1/2-1/2"]
[WhiteElo "2224"]
[BlackElo "2156"]

1.c4 Nf6 2.Nc3 g6 3.e4 d6 4.d4 Bg7 5.Be2 O-O 6.Nf3 e5 7.d5 Nh5 8.O-O Nf4
9.Bxf4 exf4 10.Rc1 Nd7 11.b4 a5 12.a3 axb4 13.axb4 g5 14.Nd4 Ne5 15.Nf5 Bxf5
16.exf5 Qd7 17.Nb5 Qxf5 18.Nxc7 f3 19.Bxf3 Nxf3+ 20.Qxf3 Qxf3 21.gxf3 Ra4
22.Nb5 Be5 23.Rb1 b6 24.Rfc1 Rc8 25.Kg2 f5 26.Nc3 Ra3 27.Ne2 Kf7 28.Rc2 Kf6
29.Nc1 Rc3 30.Rxc3 Bxc3 31.Ne2 Be5 32.Rc1 h6 33.Rc2 Kf7 34.Nc1 Ra8 35.c5 bxc5
36.bxc5 dxc5 37.Rxc5 Ke7 38.Rb5 Rd8 39.Nd3 Bd6 40.f4 gxf4 41.Kf3 Rc8 42.Rb7+ Ke8
43.Rb3 Rc4 44.Nb2 Rd4 45.Rd3 Rb4 46.Nd1 Ke7 47.Nc3 Kf6 48.Ne2 Ke5 49.h3 Rc4
50.Nc3  1/2-1/2

[Event "Heart of Finland Open"]
[Site "Jyvaskyla FIN"]
[Date "2001.07.20"]
[Round "6"]
[White "Pirttimaki,T"]
[Black "Yrjola,J"]
[Result "1/2-1/2"]
[WhiteElo "2251"]
[BlackElo "2413"]

1.d4 Nf6 2.c4 d6 3.Nc3 g6 4.e4 Bg7 5.Nf3 O-O 6.Be2 Na6 7.O-O e5 8.dxe5 dxe5
9.Qxd8 Rxd8 10.Bg5 Re8 11.Rfd1 h6 12.Bh4 c6 13.Nd2 Nh7 14.Rab1 Nc5 15.b4 Ne6
16.f3 Nd4 17.Bd3 a5 18.b5 Nf8 19.Na4 Nfe6 20.bxc6 bxc6 21.Nb6 Ra7 22.Nxc8 Rxc8
23.Nb3 Nxb3 24.Rxb3 Bf8 25.Kf1 Bc5 26.Rbb1 Kg7 27.Bc2 a4 28.Rd2 Bd4 29.Rdd1 Bc5
30.Rd2 g5 31.Be1 f6 32.Bd1 a3 33.Rd3 Kf7  1/2-1/2

[Event "Politiken Cup"]
[Site "Copenhagen DEN"]
[Date "2001.07.21"]
[Round "7"]
[White "Molvig,H"]
[Black "Bekker Jensen,Da"]
[Result "1-0"]
[WhiteElo "2213"]
[BlackElo "2284"]

1.d4 Nf6 2.c4 g6 3.Nc3 Bg7 4.e4 d6 5.Nf3 O-O 6.Be2 Na6 7.O-O e5 8.Bg5 h6
9.Bh4 Re8 10.d5 c6 11.Nd2 Qb6 12.Rb1 Bd7 13.Kh1 Rec8 14.a3 Kh8 15.f3 Qe3
16.Bf2  1-0

[Event "XXI Open"]
[Site "Cullera ESP"]
[Date "2001.07.21"]
[Round "3"]
[White "Mancebo Ibanez,F"]
[Black "Llobel Cortell,E"]
[Result "0-1"]
[WhiteElo "2270"]
[BlackElo "2400"]

1.d4 Nf6 2.Nf3 g6 3.c4 Bg7 4.Nc3 O-O 5.e4 d6 6.Be2 Na6 7.O-O e5 8.dxe5 dxe5
9.Qxd8 Rxd8 10.Nxe5 Nc5 11.Bf4 Nfxe4 12.Nxe4 Nxe4 13.Rad1 Re8 14.Nd7 Nd6
15.Bg4 f5 16.Bf3 Bxd7 17.c5 Bb5 18.cxd6 cxd6 19.Bxb7 Rad8 20.Bd5+ Kh8 21.Rfe1 Bxb2
22.Rxe8+ Rxe8 23.Bxd6 Be2 24.Rb1 Bd3 25.Rd1 Bc2 26.Rf1 Rd8  0-1

[Event "Dutch Open"]
[Site "Dieren NED"]
[Date "2001.07.21"]
[Round "5"]
[White "Krivoshey,S"]
[Black "Odendahl,R"]
[Result "1-0"]
[WhiteElo "2449"]
[BlackElo "2365"]

1.Nf3 Nf6 2.c4 g6 3.Nc3 Bg7 4.d4 O-O 5.e4 d6 6.Be2 e5 7.O-O Nh5 8.Bg5 f6
9.Be3 Nf4 10.c5 Nxe2+ 11.Qxe2 exd4 12.Bxd4 dxc5 13.Bxc5 Rf7 14.e5 Na6 15.Rad1 Qe8
16.Ba3 fxe5 17.Ng5 Rf5 18.Qc4+ Kh8 19.Qh4 Rxg5 20.Qxg5 Bf5 21.Nd5 h6 22.Qg3 c6
23.Ne3 Be6 24.b3 Bf7 25.Rfe1 Rd8 26.Bb2 Kh7 27.Ng4 Nb4 28.Bxe5 Rd5 29.Bxg7 Qe2
30.Nf6+  1-0

[Event "Czech Open"]
[Site "Pardubice CZE"]
[Date "2001.07.21"]
[Round "2"]
[White "Belov,Vl"]
[Black "Tupy,M"]
[Result "1-0"]
[WhiteElo "2438"]
[BlackElo "2290"]

1.d4 Nf6 2.c4 g6 3.Nc3 Bg7 4.e4 d6 5.Nf3 O-O 6.Be2 e5 7.Be3 Nbd7 8.O-O exd4
9.Nxd4 Re8 10.f3 Nc5 11.Qd2 a6 12.Rad1 Bd7 13.Nc2 Qe7 14.Rfe1 Qf8 15.Bf1 Rad8
16.Qf2 Ne6 17.Nd5 Bc6 18.Ncb4 a5 19.Nc2 Rc8 20.Na3 Nd7 21.Nb5 Ndc5 22.b3 f5
23.exf5 Qxf5 24.Ndxc7 Rxc7 25.Nxd6 Qf8 26.Bxc5 Nxc5 27.Nxe8 Bxe8 28.Rd8 Re7
29.Rxe7 Qxe7 30.Rxe8+ Qxe8 31.Qxc5 Bc3 32.g3 Kg7 33.Kg2 Qd8 34.Qe3 Bf6 35.Bd3 Bd4
36.Qe4 b6 37.h4 Qd6 38.Qb7+ Kh6 39.g4  1-0

[Event "Wilbert Paige Mem"]
[Site "New York USA"]
[Date "2001.07.22"]
[Round "8"]
[White "Simutowe,A"]
[Black "Rogers,N"]
[Result "0-1"]
[WhiteElo "2462"]
[BlackElo "2279"]

1.d4 Nf6 2.c4 g6 3.Nc3 Bg7 4.Nf3 O-O 5.e4 d6 6.Be2 Nbd7 7.O-O e5 8.Re1 c6
9.Rb1 a5 10.Bf1 exd4 11.Nxd4 Re8 12.Bf4 Ne5 13.f3 h5 14.Qd2 a4 15.Red1 h4
16.Nc2 h3 17.Qxd6 hxg2 18.Kxg2 Qxd6 19.Rxd6 Nh5 20.Be3 a3 21.Rd2 axb2 22.Nd4 Ra3
23.Rc2 Rd8 24.Rbxb2 Nxf3 25.Kxf3 Bxd4 26.Rb3 Ra5 27.Rd2 Bf6 28.Bd3 Bg5 29.Bb6 Bxd2
30.Bxd8 Ra8 31.Bc7 Ng7 32.a3 Ne6 33.Bb6 c5 34.Ne2 Bd7 35.h4 Kg7 36.e5 Ba4
37.Rb2 Be1 38.Nf4 Bc6+ 39.Kg4 Rxa3 40.Nxe6+ fxe6 41.Re2 Rxd3 42.Rxe1 Rd4+
43.Kg5 Bf3 44.Rg1 Rxc4 45.Bd8 b5 46.Bf6+ Kh7 47.Be7 Kg7 48.Bf6+ Kf7 49.Kh6 b4
50.Ra1 b3 51.Ra7+ Kf8 52.Rc7 b2 53.Rc8+ Kf7 54.Rc7+ Kf8 55.Rc8+ Kf7 56.Rc7+ Ke8
57.Re7+ Kf8 58.Rc7 b1=Q 59.Rc8+ Kf7 60.Rc7+ Ke8 61.Kg7 Qb7  0-1

[Event "3rd Open"]
[Site "Patras GRE"]
[Date "2001.07.22"]
[Round "5"]
[White "Khetsuriani,B"]
[Black "Lakakis,I"]
[Result "1-0"]
[WhiteElo "2415"]
[BlackElo "2013"]

1.d4 Nf6 2.Nf3 g6 3.c4 Bg7 4.Nc3 O-O 5.e4 d6 6.Be2 e5 7.dxe5 dxe5 8.Qxd8 Rxd8
9.Bg5 Re8 10.Nd5 Nxd5 11.cxd5 c6 12.Bc4 b5 13.Bb3 c5 14.a4 c4 15.Bd1 Bd7
16.axb5 Bxb5 17.Ba4 Bxa4 18.Rxa4 Rc8 19.Ke2 Nd7 20.Rha1 f5 21.Nd2 c3 22.bxc3 Nc5
23.Rxa7 Rxa7 24.Rxa7 Nxe4 25.Nxe4 fxe4 26.d6  1-0

[Event "Politiken Cup"]
[Site "Copenhagen DEN"]
[Date "2001.07.23"]
[Round "9"]
[White "Gurevich,M"]
[Black "Mortensen,E"]
[Result "1-0"]
[WhiteElo "2633"]
[BlackElo "2423"]

1.d4 g6 2.c4 Bg7 3.e4 d6 4.Nc3 Nf6 5.Nf3 O-O 6.Be2 e5 7.O-O Nbd7 8.Qc2 c6
9.d5 Qc7 10.Bg5 a5 11.Nd2 Nc5 12.b3 h6 13.Be3 Bd7 14.Rac1 Rfc8 15.a3 Qd8
16.Qb1 Ng4 17.Bxg4 Bxg4 18.b4 axb4 19.axb4 Na4 20.Nxa4 Rxa4 21.h3 Bd7 22.c5 cxd5
23.exd5 Bb5 24.Rfd1 f5 25.Nc4 Bxc4 26.Rxc4 f4 27.Qc2 b5 28.cxb6 Rxc4 29.Qxc4 Ra8
30.b7 Rb8 31.Bb6 Qd7 32.Bc7 Rxb7 33.Bxd6 Qf5 34.f3 Kh7 35.Bc5 Qf7 36.b5 e4
37.fxe4 Be5 38.b6 Qf6 39.d6 f3 40.Qf1  1-0

[Event "Wilbert Paige Mem"]
[Site "New York USA"]
[Date "2001.07.23"]
[Round "9"]
[White "Simutowe,A"]
[Black "Colding,E"]
[Result "1-0"]
[WhiteElo "2462"]
[BlackElo "2258"]

1.d4 Nf6 2.c4 g6 3.Nc3 Bg7 4.e4 O-O 5.Be2 d6 6.Nf3 e5 7.O-O Nbd7 8.Re1 c6
9.Bf1 Qe7 10.Rb1 a5 11.h3 exd4 12.Nxd4 Re8 13.Bf4 Nh5 14.Be3 Nhf6 15.g3 Nc5
16.Bg2 Nfd7 17.b3 Ne5 18.Bf1 Qf6 19.f4 Ned7 20.Qc2 Qe7 21.Bg2 f5 22.Bf2 fxe4
23.Nxe4 Nxe4 24.Rxe4 Qf7 25.Rxe8+ Qxe8 26.Re1 Qf7 27.Nxc6 Nf6 28.Ne7+ Kh8
29.Nxc8 Rxc8 30.Qd2 Qc7 31.Re6 Rd8 32.Qe1 Ng8 33.Kh2 a4 34.Re8 Qd7 35.Rxd8 Qxd8
36.Bxb7 axb3 37.axb3 Qb8 38.Qe4 Qc7 39.b4 h6 40.b5 Nf6 41.b6 Qd7 42.Bc6 Qd8
43.Qxg6  1-0

[Event "ch-Paris Open"]
[Site "Paris FRA"]
[Date "2001.07.23"]
[Round "3"]
[White "Decroix,P"]
[Black "Touzane,O"]
[Result "0-1"]
[WhiteElo "2157"]
[BlackElo "2382"]

1.d4 Nf6 2.c4 g6 3.Nc3 Bg7 4.e4 d6 5.Be2 O-O 6.Nf3 e5 7.dxe5 dxe5 8.O-O Nbd7
9.b3 b6 10.Ba3 Re8 11.Qc2 Bb7 12.Rad1 c6 13.Rd6 Qc8 14.b4 Bf8 15.c5 bxc5
16.bxc5 Ba6  0-1

[Event "MTO"]
[Site "Biel SUI"]
[Date "2001.07.24"]
[Round "2"]
[White "Cherniaev,A"]
[Black "Avrukh,B"]
[Result "0-1"]
[WhiteElo "2437"]
[BlackElo "2598"]

1.e4 d6 2.d4 g6 3.c4 Bg7 4.Nc3 Nf6 5.Be2 O-O 6.Nf3 e5 7.d5 a5 8.Bg5 h6 9.Bh4 Na6
10.Nd2 Qe8 11.O-O Nh7 12.Kh1 h5 13.f3 Bh6 14.a3 Bd7 15.Rb1 a4 16.b4 axb3
17.Nxb3 Be3 18.Nb5 Bxb5 19.cxb5 Nc5 20.Nxc5 Bxc5 21.a4 Ra7 22.Bd3 Kg7 23.Be1 b6
24.Bc3 Nf6 25.h4 Qd7 26.Kh2 Be3 27.g3 Qe7 28.Bc2 Nd7 29.Qe2 Bh6 30.f4 Kg8
31.f5 Nf6 32.Kh1 Ng4 33.Rf3 Rfa8 34.Rb4 g5 35.Bd2 Qf6 36.Be1 Kh7 37.Rc4 Rg8
38.Rcc3 gxh4 39.gxh4 Rg7 40.Bd1 Bf4 41.Rf1 Qh6 42.Rg1 Ra8 43.Rxc7 Rag8 44.Rg2 Nf6
45.Rxg7+ Qxg7 46.Qf1 Nxe4 47.f6  0-1

[Event "Politiken Cup"]
[Site "Copenhagen DEN"]
[Date "2001.07.24"]
[Round "10"]
[White "Pedersen,St"]
[Black "Bekker Jensen,Da"]
[Result "1-0"]
[WhiteElo "2453"]
[BlackElo "2284"]

1.d4 Nf6 2.c4 g6 3.Nc3 Bg7 4.e4 d6 5.Nf3 O-O 6.Be2 Na6 7.O-O e5 8.Be3 c6
9.d5 Ng4 10.Bg5 f6 11.Bd2 f5 12.Ne1 Nf6 13.f3 fxe4 14.fxe4 Qb6+ 15.Kh1 Qd4
16.Nc2 Nxe4 17.Nxd4 Rxf1+ 18.Qxf1 Nxd2 19.Qe1 exd4 20.Qxd2 dxc3 21.bxc3 c5
22.Rf1 Bf5 23.Bd3 Bxd3 24.Qxd3 Nc7 25.Qh3 Rd8 26.a4 b6 27.g3 Bxc3 28.Qh4 Rd7
29.Qg4 Re7 30.Qf4  1-0

[Event "Lasker Mem Open"]
[Site "Barlinek CZE"]
[Date "2001.07.25"]
[Round "9"]
[White "Zschaebitz,K"]
[Black "Babaev,Ra"]
[Result "1/2-1/2"]
[WhiteElo "2176"]
[BlackElo "2361"]

1.d4 Nf6 2.Nf3 g6 3.c4 Bg7 4.Nc3 O-O 5.e4 d6 6.Be2 e5 7.d5 a5 8.h3 Na6 9.Be3 Bd7
10.g4 Kh8 11.Nd2 Ng8 12.h4 f5 13.Bg5 Bf6 14.Bxf6+ Qxf6 15.g5 Qg7 16.a4 c6
17.Nb3 Nb4 18.f3 fxe4 19.Nxe4 cxd5 20.cxd5 Bf5 21.Rc1 Ne7 22.Nf6 Rxf6 23.gxf6 Qxf6
24.Qd2 Nexd5 25.Qg5 Qxg5 26.hxg5 Bc2 27.Bc4 Nf4 28.Kd2 d5 29.Bxd5 Rd8 30.Rxc2 Rxd5+
31.Kc1 Nxc2 32.Kxc2 Ne6 33.Rg1 b6 34.Nd2 Nd4+ 35.Kb1 Ne2 36.Rd1 Kg7 37.Kc2 Nd4+
38.Kc1 Kf7 39.Rh1 Kg7 40.Rh2 Rd7 41.Rh3 Rf7 42.Kd1 Kf8 43.Ke1 Ke7 44.Kf2 Ke6
45.Nc4 Kd5 46.Nd2 Rc7 47.Ke3 Rc2 48.Rxh7 Rxb2 49.Rf7 Ra2 50.Rf6 Rxa4 51.Rxg6 Ra3+
52.Kf2 Rd3 53.Ke1 Nxf3+ 54.Nxf3 Rxf3 55.Rxb6 a4 56.Ra6 a3 57.g6 Rg3 58.g7 Rxg7
59.Rxa3 Rg2 60.Rb3 Rc2 61.Rg3 Rh2 62.Ra3 Ke4 63.Rb3 Kf4 64.Ra3 e4 65.Rb3 Rh8
66.Ra3 Rb8 67.Rc3 Rb4 68.Ra3 Rb1+ 69.Ke2 Rh1 70.Rb3 Ra1 71.Rc3 Ke5 72.Rb3 Kd4
73.Rb4+ Kd5 74.Ke3 Ra3+ 75.Ke2 Rh3 76.Ra4 Rb3 77.Ra8 Kd4 78.Rd8+ Kc4 79.Rc8+ Kd5
80.Rd8+ Ke6 81.Re8+ Kf5 82.Rf8+ Kg4 83.Rg8+ Kf4 84.Rf8+ Kg3  1/2-1/2

[Event "Open"]
[Site "Novosibirsk RUS"]
[Date "2001.07.25"]
[Round "7"]
[White "Belozerov,A"]
[Black "Solodovnikov,M"]
[Result "1-0"]
[WhiteElo "2507"]
[BlackElo "2189"]

1.d4 Nf6 2.c4 g6 3.Nc3 Bg7 4.e4 d6 5.Be2 O-O 6.Nf3 e5 7.d5 Nbd7 8.Bg5 h6
9.Bh4 g5 10.Bg3 Nh5 11.h4 g4 12.Nd2 Nxg3 13.fxg3 h5 14.O-O a5 15.Bd3 Nc5
16.Bc2 Qe7 17.Qe2 Bd7 18.Rf2 Rae8 19.Raf1 f6 20.Nb3 Nxb3 21.Bxb3 f5 22.exf5 e4
23.Rf4 Be5 24.f6 Rxf6 25.Rxf6 Bxf6 26.Bc2 Qg7 27.Nxe4 Bxb2 28.Kh1 Rf8 29.Rxf8+ Kxf8
30.Ng5 Be5 31.Qd3 Ke7 32.Kh2 c6 33.Ba4 cxd5 34.Bxd7 Kxd7 35.Qxd5 Kc8 36.Qxa5 Kb8
37.Qd8+ Ka7 38.Ne4 Qg6 39.Qa5+ Kb8 40.Qd5 Qh6 41.c5 Kc7 42.cxd6+ Bxd6 43.Nxd6 Qxd6
44.Qxh5 Qe6 45.Qa5+ b6 46.Qa7+ Kc6 47.h5 Qf5 48.Qa4+ Kb7 49.Qe8 b5 50.Qg6 Qd5
51.h6  1-0

[Event "3rd Open"]
[Site "Patras GRE"]
[Date "2001.07.25"]
[Round "8"]
[White "Nikolaidis,K"]
[Black "Banikas,H"]
[Result "0-1"]
[WhiteElo "2354"]
[BlackElo "2531"]

1.d4 Nf6 2.c4 g6 3.Nc3 Bg7 4.e4 d6 5.Nf3 O-O 6.Be2 e5 7.O-O c6 8.Re1 Qe7
9.Bf1 Bg4 10.d5 c5 11.h3 Bd7 12.g3 Ne8 13.a3 Na6 14.Ra2 Kh8 15.b3 f5 16.Bg2 Nac7
17.a4 Qf7 18.Ng5 Qf6 19.Nf3 b6 20.Nh2 a6 21.Kh1 Qd8 22.Rae2 b5 23.Qc2 Nf6
24.exf5 Bxf5 25.Qd2 bxc4 26.bxc4 Rb8 27.Nf1 Na8 28.Ne3 Qa5 29.Nxf5 gxf5 30.Qc2 Qb4
31.Na2 Qb3 32.Qxf5 Qxc4 33.Qe6 Rbd8 34.a5 Nc7 35.Qf5 Nfxd5 36.Qh5 Nf6 37.Qg5 Ne6
38.Qd2 Nd4 39.Re3 Bh6 40.f4 exf4 41.Rc3 Qf7 42.Bb2 f3 43.Qxh6 fxg2+  0-1

[Event "3rd Open"]
[Site "Patras GRE"]
[Date "2001.07.25"]
[Round "8"]
[White "Ignat,D"]
[Black "Shavtvaladze,N"]
[Result "0-1"]
[WhiteElo "2108"]
[BlackElo "2360"]

1.d4 Nf6 2.c4 g6 3.Nc3 Bg7 4.e4 d6 5.Nf3 O-O 6.Be2 e5 7.d5 a5 8.Bg5 h6 9.Bh4 Na6
10.Nd2 Qe8 11.O-O Nh7 12.f3 h5 13.Rb1 Bd7 14.b3 Bh6 15.Bf2 Qe7 16.a3 Qg5
17.f4 Qxf4 18.Nf3 Nc5 19.Qc2 Qf6 20.b4 axb4 21.axb4 Na4 22.Nb5 Bxb5 23.cxb5 Qe7
24.Ra1 Nb6 25.Ra5 Kg7 26.Rfa1 Rab8 27.R1a3 Nf6 28.Bh4 Qd7 29.Rc3 Ne8 30.Ng5 Bxg5
31.Bxg5 f6 32.Bh4 Rh8 33.Ra1 Nc8 34.Bf2 b6 35.Be3 Rh7 36.Rca3 Ne7 37.Ra8 Qd8
38.Rxb8 Qxb8 39.Ra3 Qd8 40.Ra7 Kf7 41.Bd3 Rh8 42.Qa2 Nc8 43.Ra8 Qd7 44.Qc2 Ne7
45.Qf2 Rg8 46.Bg5 Qg4 47.h4 f5 48.Bxe7 Kxe7 49.exf5 Qd1+ 50.Qf1 Qxf1+ 51.Kxf1 gxf5
52.Be2 Nf6 53.Rxg8 Nxg8 54.Bxh5 Nf6 55.Bf3 e4 56.Be2 Nxd5 57.Kf2 Kf6 58.g3 Nxb4
59.Ke3 Ke5 60.h5 Nd5+ 61.Kd2 Kf6 62.Bc4 Ne7 63.Ke3 d5 64.Be2 Ke5 65.h6 d4+
66.Kd2 Kf6 67.Bh5 Nc8 68.g4 fxg4 69.Bxg4 Nd6 70.Bd7 Kg6  0-1

[Event "3rd Open"]
[Site "Patras GRE"]
[Date "2001.07.25"]
[Round "8"]
[White "Kalesis,N"]
[Black "Nikolaou,G"]
[Result "1-0"]
[WhiteElo "2398"]
[BlackElo "2225"]

1.d4 Nf6 2.c4 g6 3.Nc3 Bg7 4.e4 d6 5.Nf3 O-O 6.Be2 e5 7.Be3 Na6 8.O-O Ng4
9.Bg5 Qe8 10.d5 h6 11.Bh4 f5 12.Nd2 h5 13.exf5 gxf5 14.h3 Bf6 15.hxg4 Bxh4
16.gxf5 Bxf5 17.Bxh5 Qd7 18.Nde4 Kh8 19.Qe2 Rg8 20.g3 Rg7 21.Kh2 Rag8 22.Rh1 Bh3
23.Bf3 Qf5 24.Bg2 Bg4 25.Qe3 Be7 26.Kg1+ Rh7 27.Rxh7+ Qxh7 28.f3 Bc8 29.Kf2 Qg6
30.Rh1+ Kg7 31.a3 b6 32.b4 Bf5 33.Bh3 Bxe4 34.Nxe4 Rh8 35.Kg2 Qh7 36.Nf2 Qg6
37.Qe4 Bg5 38.Bf5 Qf6 39.Qg4 Rxh1 40.Kxh1 Kf8 41.Ne4 Qh6+ 42.Kg2 Be7 43.Bg6 Bd8
44.Qe6 Kg7 45.Qf7+ Kh8 46.Qe8+ Kg7 47.Qxd8 Kxg6 48.Qf6+  1-0

[Event "COQ Open"]
[Site "Quebec CAN"]
[Date "2001.07.25"]
[Round "6"]
[White "Linskiy,OM"]
[Black "Gaspariants,V"]
[Result "1-0"]
[WhiteElo "2412"]
[BlackElo "2305"]

1.d4 Nf6 2.c4 d6 3.Nc3 e5 4.Nf3 Nbd7 5.e4 g6 6.Be2 Bg7 7.O-O O-O 8.Re1 Re8
9.Bf1 c6 10.d5 cxd5 11.cxd5 a6 12.a4 a5 13.Nd2 Nc5 14.Nc4 Bf8 15.Be3 Nfd7
16.Nb5 Nb8 17.Bxc5 dxc5 18.d6 Na6 19.Qd5 Be6 20.Qxb7 Nb4 21.Nc7 Nc2 22.Nxa8 Qxa8
23.d7 Rd8 24.Qxa8 Rxa8 25.Red1 Bxd7 26.Nb6 Nxa1 27.Nxa8 Bc6 28.Rxa1 Bxa8
29.f3 f5 30.Bd3 fxe4 31.Bxe4 Bxe4 32.fxe4 Kf7 33.Kf1 Ke6 34.Ke2 Be7 35.Kd3 Kf6
36.Rf1+ Ke6 37.Kc4 h5 38.Kb5 Bg5 39.Kxa5  1-0

[Event "Keres Mem Open"]
[Site "Tallinn EST"]
[Date "2001.07.25"]
[Round "1"]
[White "Lugovoi,A"]
[Black "Vovk,I"]
[Result "1-0"]
[WhiteElo "2485"]
[BlackElo "2061"]

1.d4 Nf6 2.c4 d6 3.Nc3 g6 4.e4 Bg7 5.Nf3 O-O 6.Be2 e5 7.d5 a5 8.Bg5 h6 9.Bh4 Nbd7
10.Nd2 Qe8 11.O-O c6 12.a3 Nh7 13.Kh1 f5 14.exf5 gxf5 15.Bh5 Rf7 16.c5 Nxc5
17.Nc4 Qf8 18.Bxf7+ Qxf7 19.Nxd6 Qf8 20.dxc6 Be6 21.Nd5 e4 22.Ne7+  1-0

[Event "MTO"]
[Site "Biel SUI"]
[Date "2001.07.26"]
[Round "4"]
[White "Huss,A"]
[Black "Salzgeber,F"]
[Result "1-0"]
[WhiteElo "2332"]
[BlackElo "2153"]

1.d4 Nf6 2.Nf3 g6 3.c4 Bg7 4.Nc3 O-O 5.e4 d6 6.Be2 e5 7.d5 a5 8.Bg5 h6 9.Bh4 Na6
10.O-O Qe8 11.Ne1 Nh7 12.Nd3 Bd7 13.f3 b6 14.b3 f5 15.a3 f4 16.b4 Bf6 17.Bf2 h5
18.c5 bxc5 19.bxc5 g5 20.cxd6 cxd6 21.Nb2 Bd8 22.Nc4 Qe7 23.a4 Nf6 24.Nb5 Ne8
25.Nb6 Bxb6 26.Bxb6 Nb4 27.Rc1 Bxb5 28.axb5 Qb7 29.Bf2 Nf6 30.Qa4 Nd7 31.Rc6 Nc5
32.Bxc5 dxc5 33.Rg6+ Kh7 34.Rxg5 Qe7 35.h4 Rg8 36.Rxh5+ Kg6 37.Rg5+ Kh6 38.d6 Qxd6
39.Rd1 Qb6 40.Bc4 Rxg5 41.hxg5+ Kxg5 42.Qa1 Re8 43.Rd2 Qh6 44.Qxa5 Qh4 45.Qa1 Re7
46.Rd8 Kf6 47.Qd1 Kg7 48.Rg8+ Kh7 49.Rg4 Qf6 50.Kf2 Qh6 51.Qd8  1-0

[Event "Czech Open"]
[Site "Pardubice CZE"]
[Date "2001.07.27"]
[Round "8"]
[White "Kraai,J"]
[Black "Socko,B"]
[Result "0-1"]
[WhiteElo "2445"]
[BlackElo "2559"]

1.d4 Nf6 2.c4 g6 3.Nc3 Bg7 4.e4 d6 5.Nf3 O-O 6.Be2 e5 7.d5 Nbd7 8.Bg5 h6
9.Bh4 g5 10.Bg3 Nh5 11.Nd2 Nf4 12.O-O a5 13.Bg4 Nc5 14.Bxc8 Qxc8 15.Nb3 b6
16.Nxc5 bxc5 17.f3 h5 18.a4 f5 19.Qc2 g4 20.Ra3 gxf3 21.Rxf3 fxe4 22.Nxe4 Qg4
23.Be1 h4 24.h3 Qh5 25.Kh2 Rf7 26.g4 hxg3+ 27.Rxg3 Raf8 28.Rg5 Qh7 29.Bxa5 Kh8
30.Rf3 Ne6 31.Rxf7 Nxg5 32.Rxf8+ Bxf8 33.Qg2 Nxe4 34.Qg4 Nf6 35.Qc8 Qc2+
36.Kh1 Qb1+ 37.Kh2 Qxb2+ 38.Kh1 Qc1+ 39.Kh2 Qc2+ 40.Kh1 Qe4+  0-1

[Event "GM"]
[Site "Hasselbacken SWE"]
[Date "2001.07.28"]
[Round "1"]
[White "Engqvist,T"]
[Black "Nataf,IA"]
[Result "0-1"]
[WhiteElo "2365"]
[BlackElo "2527"]

1.Nf3 Nf6 2.c4 g6 3.Nc3 Bg7 4.e4 d6 5.d4 O-O 6.Be2 e5 7.dxe5 dxe5 8.Qxd8 Rxd8
9.Bg5 Nbd7 10.O-O-O Rf8 11.Ne1 Nc5 12.f3 Ne6 13.Be3 b6 14.Nc2 c5 15.Nd5 Nd4
16.Bd3 Bd7 17.Bd2 Nxd5 18.cxd5 b5 19.b4 c4 20.Bf1 f5 21.exf5 Bxf5 22.Ne3 c3
23.Bxc3 Bh6 24.Bd2 Rfc8+ 25.Kb2 Bxe3 26.Bxe3 Rc2+ 27.Ka1 a5 28.Bxd4 axb4
29.Bd3 Rcxa2+ 30.Kb1 exd4 31.Bxf5 gxf5 32.Rhe1 b3 33.d6 d3 34.d7 Kf7 35.Rxd3 Ra1+
36.Kb2 Rxe1 37.d8=Q Rxd8 38.Rxd8 Re2+ 39.Kxb3 Rxg2 40.Rd5 Kg6 41.Rxb5 Rxh2
42.Kc4 Kg5 43.Kd3 Kf4  0-1

[Event "Open"]
[Site "Novosibirsk RUS"]
[Date "2001.07.28"]
[Round "10"]
[White "Belozerov,A"]
[Black "Abashev,D"]
[Result "1/2-1/2"]
[WhiteElo "2507"]
[BlackElo "2395"]

1.d4 Nf6 2.c4 g6 3.Nc3 Bg7 4.e4 d6 5.Nf3 O-O 6.Be2 e5 7.d5 Nbd7 8.Be3 Ng4
9.Bg5 f6 10.Bd2 f5 11.Ng5 Nc5 12.b4 fxe4 13.Ncxe4 Nxe4 14.Nxe4 Bf5 15.Bxg4 Bxe4
16.O-O  1/2-1/2

[Event "Keres Mem Open"]
[Site "Tallinn EST"]
[Date "2001.07.28"]
[Round "5"]
[White "Smirnov,Ar"]
[Black "Khamatgaleev,A"]
[Result "0-1"]
[WhiteElo "2281"]
[BlackElo "2412"]

1.d4 Nf6 2.c4 g6 3.Nc3 Bg7 4.e4 d6 5.Nf3 O-O 6.Be2 e5 7.O-O Na6 8.Be3 Ng4
9.Bg5 Qe8 10.dxe5 dxe5 11.h3 h6 12.Bd2 Nf6 13.Be3 Nh5 14.c5 c6 15.Qd6 Be6
16.Rad1 Rd8 17.Qxd8 Qxd8 18.Rxd8 Rxd8 19.Rc1 Nf4 20.Bf1 Rd7 21.Ne1 Bf8 22.Bxa6 bxa6
23.b3 f6 24.Kf1 Kf7 25.Ne2 g5 26.Nc3 Ke8 27.Rd1 Rxd1 28.Nxd1 f5 29.exf5 Bxf5
30.Nc3 Nd5 31.Na4 Nxe3+ 32.fxe3 Kd7 33.Nf3 Bd3+ 34.Ke1 Ke6 35.b4 a5 36.a3 axb4
37.axb4 Kd5 38.Kd2 Bf1 39.Nc3+ Kc4 40.Nxe5+ Kxb4 41.Na2+ Ka3 42.Nc3 Bxg2
43.Nd3 Kb3 44.e4 Bxh3 45.e5 a5  0-1

[Event "Keres Mem Open"]
[Site "Tallinn EST"]
[Date "2001.07.29"]
[Round "7"]
[White "Galianina Ryjanova,J"]
[Black "Polonski,V"]
[Result "1-0"]
[WhiteElo "2335"]
[BlackElo "2149"]

1.d4 Nf6 2.c4 d6 3.Nc3 Nbd7 4.e4 e5 5.Nf3 g6 6.Be2 Bg7 7.O-O O-O 8.Qc2 Nh5
9.Rd1 Nf4 10.Bf1 c5 11.dxe5 dxe5 12.Bxf4 exf4 13.e5 Qa5 14.Rd5 Re8 15.Re1 Nf8
16.Qc1 Be6 17.Rd6 Bh6 18.Ne4 Kg7 19.Red1 Bg4 20.Nf6 Bxf3 21.Nxe8+ Rxe8 22.gxf3 Rxe5
23.R6d5 Re7 24.a3 Qc7 25.b4 b6 26.Qb2+ Kg8 27.bxc5 bxc5 28.Qb5 Ne6 29.Rd7 Rxd7
30.Qxd7 Qe5 31.Qe8+ Kg7 32.Rd7 Qg5+ 33.Kh1 Qf6 34.Qe7  1-0

[Event "MTO"]
[Site "Biel SUI"]
[Date "2001.07.30"]
[Round "7"]
[White "Avrukh,B"]
[Black "Efimenko,Z"]
[Result "1-0"]
[WhiteElo "2598"]
[BlackElo "2495"]

1.d4 Nf6 2.c4 g6 3.Nc3 Bg7 4.e4 d6 5.Nf3 O-O 6.Be2 e5 7.Be3 Ng4 8.Bg5 f6
9.Bh4 g5 10.Bg3 Nh6 11.h3 Nc6 12.d5 Nd4 13.Nxd4 exd4 14.Qxd4 f5 15.Qd2 f4
16.Bh2 Be5 17.Bg1 Qf6 18.f3 b6 19.O-O-O a6 20.Kb1 Bd7 21.Bd4 Nf7 22.Bxe5 Nxe5
23.Qd4 h5 24.Rdg1 h4 25.Rc1 Qe7 26.Nd1 Rfb8 27.Nf2 Kf7 28.Rhd1 Qf6 29.Qc3 Ra7
30.Rd2 Be8 31.b3 a5 32.Kc2 Bd7 33.Kd1 Re8 34.Rb2 Rb8 35.Kd2 Re8 36.a3 Rea8
37.Nd3 Nxd3 38.Bxd3 Re8 39.Re1 Kg7 40.Bb1 Re5 41.b4 axb4 42.axb4 Re8 43.Kd3 Qxc3+
44.Kxc3 Kf6 45.Kd4 Ra1 46.Ree2 Re7 47.Bd3 Re8 48.Bb1 Rd8 49.Bc2 Ra3 50.Re1 Re8
51.Bb3 Rd8 52.Ree2 Re8 53.Ba2 Rd8 54.Bb1 Ra1 55.Rec2 Rb8 56.Rc3 Rba8 57.Rc1 R1a3
58.Re1 Rd8 59.Ra2 Rxa2 60.Bxa2 Ra8 61.Bb3 Ra3 62.Rb1 Be8 63.Rb2 Bd7 64.c5 bxc5+
65.bxc5 dxc5+ 66.Kxc5 Ke5 67.Bc4 Ra5+ 68.Bb5 Be8 69.Kc4 Bh5 70.Kb4 Ra1 71.Re2 Rb1+
72.Kc5 Ra1 73.Bd7 Ra6 74.Rb2 Ra1 75.Kc6 Rc1+ 76.Kb7 Kd6 77.Bc6 Bf7 78.Kc8 Ra1
79.Kd8 Ra3 80.Rd2 Re3  1-0

[Event "HZ Open"]
[Site "Vlissingen NED"]
[Date "2001.07.30"]
[Round "4"]
[White "Ikonnikov,V"]
[Black "Werner,Cle"]
[Result "1-0"]
[WhiteElo "2552"]
[BlackElo "2395"]

1.d4 Nf6 2.Nf3 g6 3.c4 Bg7 4.Nc3 O-O 5.e4 d6 6.Be2 e5 7.O-O Nh5 8.Bg5 f6
9.Be3 Nf4 10.c5 Nxe2+ 11.Qxe2 exd4 12.Bxd4 dxc5 13.Bxc5 Rf7 14.e5 Na6 15.Ba3 Qe8
16.Rae1 fxe5 17.Nxe5 Qxe5 18.Qxe5 Bxe5 19.Rxe5 Bd7 20.Nd5 h6 21.Rfe1 c6 22.Ne7+ Kh7
23.Rd1 Bf5 24.Nxf5 gxf5 25.Re7 Rxe7 26.Bxe7 Rg8 27.Rd7 Rg7 28.Rxb7 Nb4 29.Rxb4 Rxe7
30.Kf1 Kg7 31.Rc4 Re6 32.Ra4 Re7 33.Ra6 Rc7 34.b4 Kf7 35.Ke2 Ke8 36.Kf3 Kd8
37.g3  1-0

[Event "GM"]
[Site "Hasselbacken SWE"]
[Date "2001.08.01"]
[Round "5"]
[White "Engqvist,T"]
[Black "Hermansson,E"]
[Result "1-0"]
[WhiteElo "2365"]
[BlackElo "2381"]

1.Nf3 Nf6 2.c4 g6 3.Nc3 Bg7 4.e4 d6 5.d4 O-O 6.Be2 e5 7.Be3 Ng4 8.Bg5 f6
9.Bh4 g5 10.Bg3 Nh6 11.h3 exd4 12.Nxd4 Nc6 13.Nxc6 bxc6 14.O-O f5 15.exf5 Nxf5
16.Bh2 Rb8 17.Qd2 c5 18.Bf3 Nd4 19.Be4 Be6 20.b3 Kh8 21.Rae1 Qf6 22.Rc1 Bh6
23.g4 Rbe8 24.f3 Bg7 25.Kg2 Bf7 26.Bg1 c6 27.Be3 h6 28.f4 gxf4 29.Bxf4 d5
30.Bd3 Bg8 31.Na4 Bh7 32.Bg3 Bxd3 33.Qxd3 Re2+ 34.Qxe2 Nxe2 35.Rxf6 Bxf6
36.Re1 Nxg3 37.Kxg3 Bd4 38.Re6 dxc4 39.bxc4 Rf2 40.Rxh6+ Kg8 41.Rg6+ Kh7
42.Rxc6 Rc2 43.Rc7+ Kg8 44.Rxa7 Rxc4 45.Nb6 Rc3+ 46.Kh4 c4 47.Ra6 Kf7 48.a4 Rc2
49.Nd5 Rd2 50.Kh5 Bc5 51.Nf4 Bd6 52.g5 c3 53.g6+ Kf6 54.Kh6 c2 55.g7 c1=Q
56.g8=Q Ke5 57.Qe6+ Kxf4 58.Rxd6 Rg2 59.Rc6 Qd2 60.Qd6+ Qxd6+ 61.Rxd6 Rg3
62.h4 Ra3 63.Ra6 Kg4 64.h5 Kh4 65.Ra5 Ra1 66.Kh7 Rc1 67.Rb5 Rc7+ 68.Kg6 Rc6+
69.Kf7 Rc7+ 70.Ke6 Rh7 71.a5 Rh6+ 72.Kd7 Rh7+ 73.Kc6 Rh6+ 74.Kb7 Rh7+ 75.Ka8 Rh8+
76.Rb8 Rh6 77.Ka7 Kxh5 78.a6 Rf6 79.Kb7 Rf7+ 80.Ka8 Kg6 81.a7 Re7 82.Rb6+ Kf5
83.Kb8 Re8+ 84.Kb7 Re7+ 85.Kc6 Re8 86.Rb8 Re6+ 87.Kb5 Re5+ 88.Kc4  1-0

[Event "MTO"]
[Site "Biel SUI"]
[Date "2001.08.02"]
[Round "10"]
[White "Salzgeber,F"]
[Black "Tillmann,M"]
[Result "1-0"]
[WhiteElo "2153"]
[BlackElo "2080"]

1.d4 Nf6 2.c4 g6 3.Nc3 Bg7 4.e4 d6 5.Be2 O-O 6.Nf3 e5 7.d5 Na6 8.Nd2 Kh8
9.O-O Ng8 10.Rb1 f5 11.b4 Nf6 12.Qc2 f4 13.f3 Rg8 14.Ba3 g5 15.c5 Bf8 16.Na4 g4
17.b5 Nxc5 18.Nxc5 dxc5 19.Bxc5 g3 20.h3 b6 21.Bxf8 Qxf8 22.Rfc1 Qh6 23.Bf1 Bxh3
24.gxh3 g2 25.Bxg2 Qxh3 26.Nc4 Rxg2+ 27.Qxg2 Rg8 28.Rc2 Qxf3 29.Nxe5 Qe3+
30.Kh2 Rxg2+ 31.Rxg2 h5 32.Rbg1 Ng4+ 33.Nxg4 hxg4 34.Rxg4 Qf2+ 35.R1g2 Qe1
36.Rg1 Qf2+ 37.R1g2 Qe1 38.Rxf4 Kh7 39.Rf7+ Kh6 40.Rf6+ Kh7 41.Rf4 Kh8 42.Rf3  1-0